logo

Bir Sreshtho Munshi Abdur Rouf Library
Jhenaidah Cadet College

Lon L. Fuller / (Record no. 8893)

MARC details
000 -LEADER
fixed length control field 00982cam a2200337 a 4500
001 - CONTROL NUMBER
JCCL Control Number 8893
003 - CONTROL NUMBER IDENTIFIER
JCCL marc code BD-JhCC
005 - DATE AND TIME OF LATEST TRANSACTION
control field 20180305133613.0
008 - FIXED-LENGTH DATA ELEMENTS--GENERAL INFORMATION
fixed length control field 000207s1984 cau b 00110 eng
020 ## - INTERNATIONAL STANDARD BOOK NUMBER
International Standard Book Number 0804712107
035 ## - SYSTEM CONTROL NUMBER
system control number (BD-JhCC)8893
040 ## - CATALOGING SOURCE
Original cataloging agency ANL
Modifying agency ANL
-- BD-JhCC
041 ## - LANGUAGE CODE
Language code of Book eng
050 00 - LIBRARY OF CONGRESS CALL NUMBER
Classification number K230.F842
Item number S85 1984
082 00 - DEWEY DECIMAL CLASSIFICATION NUMBER
Classification number 340/.1
DDC Edition number 19
Author mark and Year SUM 1984
100 1# - MAIN ENTRY--PERSONAL NAME
Personal name Summers, Robert S.
245 10 - TITLE STATEMENT
Title Lon L. Fuller /
Statement of responsibility, etc Robert S. Summers.
260 ## - PUBLICATION, DISTRIBUTION, ETC. (IMPRINT)
Place of publication, distribution, etc Stanford, Calif. :
Name of publisher, distributor, etc Stanford University Press,
Date of publication, distribution, etc 1984.
300 ## - PHYSICAL DESCRIPTION
Pagination xiii, 174 p. ;
Dimensions 23 cm.
490 1# - SERIES STATEMENT
Series statement Jurists : profiles in legal theory
500 ## - GENERAL NOTE
General note "Works by Lon L. Fuller": p. [x]-xiii.
500 ## - GENERAL NOTE
General note Includes index.
600 10 - SUBJECT ADDED ENTRY--PERSONAL NAME
Personal name Fuller, Lon L.,
Dates associated with a name 1902-
600 10 - SUBJECT ADDED ENTRY--PERSONAL NAME
Personal name Fuller, Lon L.,
Dates associated with a name 1902-
General subdivision Bibliography.
650 #0 - SUBJECT ADDED ENTRY--TOPICAL TERM
Topical term or geographic name as entry element Law
General subdivision Philosophy.
650 #0 - SUBJECT ADDED ENTRY--TOPICAL TERM
Topical term or geographic name as entry element Natural law.
650 #0 - SUBJECT ADDED ENTRY--TOPICAL TERM
Topical term or geographic name as entry element Legal positivism.
830 #0 - SERIES ADDED ENTRY--UNIFORM TITLE
Uniform title Jurists : profiles in legal theory.
942 ## - ADDED ENTRY ELEMENTS (KOHA)
Source of classification or shelving scheme Dewey Decimal Classification
Koha item type Books
Holdings
Source of classification or shelving scheme Damaged status Not for loan Home library Current library Shelving location Total Checkouts Full call number Barcode Date last seen Copy number Koha item type
Dewey Decimal Classification     JCC Rouf Library JCC Rouf Library General Stacks   340/.1 SUM 1984 11912 03/05/2018 C - 1 Books

JCC Library | Contacts | JCC Home

Last Update on 23 September 2017
Copyright @ 2017-2020 JCC Rouf Library
Rouf Library, Jhenidah Cadet College (JCC), Bangladesh